| 000 | 01256cam a22002771 4500 | ||
|---|---|---|---|
| 001 | agr61000014 | ||
| 003 | DLC | ||
| 005 | 20260227111020.0 | ||
| 008 | 770317s1960 dcuab b f000 0 eng c | ||
| 010 | _aagr61000014 | ||
| 040 |
_aU.S. Dept. of Agr. Libr. _cAk _dDLC |
||
| 043 | _an-us-ak | ||
| 050 | 1 | 0 |
_aS591 _b.A22 ser. 1956, no. 17 |
| 070 | 0 | _a1So32E 1956 no. 17 | |
| 100 | 1 |
_aRieger, Samuel, _d1921- |
|
| 245 | 0 | 0 |
_aSoil survey and vegetation, northeastern Kodiak Island area, Alaska. _c[Report by Samuel Rieger and R. Eugene Wunderlich. Soil surveyed by Samuel Rieger, Ernest G. Link, and Albert D. Backer. Correlation of soils by A. H. Paschall. Vegetation surveyed by R. Eugene Wunderlich, Carl M. Rice, and William L. Larramendy. |
| 260 |
_aWashington] _bU.S. Dept. of Agriculture, Soil Conservation Service, _c1960. |
||
| 300 |
_ai, 46 p. _billus., maps (2 fold. col. in pocket) _c29 cm. |
||
| 410 | 1 | 0 |
_a[United States. _bSoil Conservation Service] _tSoil Survey, _v1956, no. 17 |
| 500 | _aCover title. | ||
| 504 | _a"Literature cited": p. 46. | ||
| 650 | 0 |
_aSoils _zAlaska _zKodiak Island. |
|
| 650 | 0 |
_aPlants _zAlaska _zKodiak Island. |
|
| 650 | 0 |
_aSoil surveys _zAlaska _zKodiak Island. |
|
| 700 | 1 |
_aWunderlich, R. Eugene, _ejoint author. |
|
| 999 |
_c11749 _d11749 |
||